Statistics for Highest Goalscorers in Serie A Since 2000

Click here to take the quiz!

General Stats

  • This quiz has been taken 103 times
  • The average score is 22 of 32

Answer Stats

#GoalsGamesClubsNationalityYearsAnswer% Correct
1214463AS RomaItaly1999-2017Francesco Totti
99%
7156283AC Milan, Inter Milan, JuventusSweden2004-'09, 2010-'12, 2019-'23Zlatan Ibrahimović
96%
9127226AC MilanUkraine1999-'06, 2008-'09Andriy Shevchenko
94%
2209445Udinese, EmpoliItaly2002-2016Antonio Di Natale
92%
11125224Napoli, Juventus, AC MilanArgentina2013-2020Gonzalo Higuaín
92%
8138337JuventusItaly1999-'06, 2007-'12Alessandro Del Piero
90%
23110296Juventus, Palermo, AS RomaArgentina2012-'13, 2014-Paulo Dybala
90%
19113295NapoliBelgium2013-2022Dries Mertens
89%
21112213Palermo, NapoliUruguay2006-2013Edinson Cavani
88%
12123214JuventusFrance2000-2010David Trezeguet
87%
25107268AS Roma, Inter MilanBosnia and Herzegovina2015-2023Edin Džeko
87%
3194322Lazio, Torino, Genoa, JuventusItaly2009-'10, 2012-'14, 2015-Ciro Immobile
86%
31101493Genoa, Lazio, Napoli, Inter Milan, AnconaNorth Macedonia2003-'14, 2015-'22Goran Pandev
83%
32100409Napoli, BresciaSlovakia2004-'05, 2007-'19Marek Hamšík
83%
5182556Sampdoria, Juventus, Torino, Udinese, Napoli, AscoliItaly1999-'00, 2001-'02, 2005-'23Fabio Quagliarella
77%
6158343Fiorentina, Hellas Verona, Brescia, Palermo, Vicenza, AS Roma, Genoa, JuventusItaly2000-'03, 2004-'07, 2009-'11, 2012-'16Luca Toni
76%
24108283Atalanta, Udinese, Napoli, SampdoriaColombia2013-Duván Zapata
75%
13121219Inter Milan, SampdoriaArgentina2012-2019Mauro Icardi
73%
20113297SassuoloItaly2013-Domenico Berardi
71%
18113259Parma, Inter Milan, Lazio, AC Milan, GenoaArgentina1999-'03, 2004-'05, 2006-'12Hernán Crespo
70%
16114194Inter Milan, Atalanta, Fiorentina, AC MilanItaly1999-2009Christian Vieri
60%
4188514Fiorentina, Parma, AC Milan, Genoa, Verona, Bologna, Palermo, Piacenza, Empoli, PescaraItaly1999-2017Alberto Gilardino
58%
26106301Torino, Palermo, AS RomaItaly2014-Andrea Belotti
57%
30101310Atalanta, Sampdoria, Udinese, Lecce, FiorentinaColombia2011-Luis Muriel
57%
17114400AS Roma, Sampdoria, Parma, AS Bari, AC Milan, Inter MilanItaly1999-'06, 2007-'16Antonio Cassano
51%
27102271Fiorentina, Hellas Verona, Juventus, Parma, Cesena, Inter MilanRomania1999-'03, 2004-'12Adrian Mutu
50%
22112457Chievo VeronaItaly2002-'07, 2008-'19Sergio Pellissier
42%
15115383Fiorentina, Sampdoria, AC Milan, Hellas Verona, Inter Milan, AtalantaItaly2004-'16, 2017-'18, 2019-'20Giampaolo Pazzini
39%
14115275Livorno, Lecce, Torino, Napoli, Atalanta, ParmaItaly1999-'03, 2004-'08, 2009-'12Cristiano Lucarelli
31%
10127364Bologna, Parma, Juventus, Salernitana, Genoa, LazioItaly1999-'04, 2007-'12Marco Di Vaio
31%
28102259Palermo, Fiorentina, Perugia, JuventusItaly2002-'05, 2007-'13Fabrizio Miccoli
23%
29102323Lazio, Empoli, Inter MilanItaly2002-2013Tommaso Rocchi
23%

Score Distribution

Percentile by Number Answered

Percent of People with Each Score

Your Score History

You have not taken this quiz